• 首页
  • 本馆介绍
  • 公告通知
  • 最新文献
  • 馆藏检索
  • 电子资源
  • 读者导购
  • 参考咨询
  • 我的图书馆
  • 登录
  • 详细信息显示
  • 放入我的书架
  • 预约/预借图书
  • 作者相关作品
  • 分类相关作品
  • 丛书相关作品
  • 出版社相关作品

书目信息

  • 表格格式
  • 工作单格式
  • 卡片格式
题名:
滋润生命 惠泽民族
    
 
作者: 李锦鸣 著
分册:  
出版信息: 北京   光明日报出版社  2019
页数: 373页
开本: 24cm
丛书名:
单 册:
中图分类: G630-53
科图分类:
主题词: 中学教育--文集
电子资源:
ISBN: 978-7-5194-4811-0
000 00938nam0 2200229 450
001 012001003944
005 20131027142114.0
010    @a978-7-5194-4811-0@dCNY78.00
100    @a20190921d2019 em y0chiy50 ea
101 0  @achi
102    @aCN@b110000
105    @ay z 000yy
106    @ar
200 1  @a滋润生命 惠泽民族@9zi run sheng ming hui ze min zu@f李锦鸣著
210    @a北京@c光明日报出版社@d2019
215    @a373页@d24cm
330    @a本书是贵州省初中名校长李锦鸣工作室成员(学员)在教育教学方面的实践探索和理论思索。书中收录了工作室主持人在教育教学实践中的诸多理论成果,体现了根植于安顺这片教育热土上的教育情怀、特色经验和理论成果。同时还展示了工作室成员(学员)两年多来的学习心得以及在新课程背景下的学校管理和发展规律、模式的微观探索及实践总结。
606 0  @a中学教育@j文集
690    @aG630-53@v5
701  0 @a李锦鸣@9li jin ming@f(1962-)@4著
801  0 @aCN@b江苏凤凰@c20191020
905    @b1227992-5@dG630-53@e729@f4
    
    滋润生命 惠泽民族/李锦鸣著.-北京:光明日报出版社,2019
    373页;24cm
    
    
    ISBN 978-7-5194-4811-0:CNY78.00
    本书是贵州省初中名校长李锦鸣工作室成员(学员)在教育教学方面的实践探索和理论思索。书中收录了工作室主持人在教育教学实践中的诸多理论成果,体现了根植于安顺这片教育热土上的教育情怀、特色经验和理论成果。同时还展示了工作室成员(学员)两年多来的学习心得以及在新课程背景下的学校管理和发展规律、模式的微观探索及实践总结。
●
相关链接 在E读中查询图书 在五车中查询图书 在当当中查询图书 在豆瓣中查询图书


正题名:滋润生命 惠泽民族     索取号:G630-53/729         预约/预借

序号 登录号 条形码 馆藏地/架位号 状态 备注
1 1227992   212279924   第一样本阅览室/ [索取号:G630-53/729] 在馆    
2 1227993   212279933   教育系资料室/ [索取号:G630-53/729] 在馆    
3 1227994   212279942   教育系资料室/ [索取号:G630-53/729] 在馆    
4 1227995   212279951   第四借阅区/ [索取号:G630-53/729] 在馆    
唐山师范学院图书馆 欢迎您!
大连网信软件有限公司© 版权所有